|
|
|
|
| LEADER |
01255nam a22002655a 4500 |
| 001 |
CEM.cems013230 |
| 005 |
20110228123013.0 |
| 008 |
130507s2009##################000#0#####d |
| 003 |
CEMS |
| 020 |
|
|
|a 9789500111607
|
| 082 |
0 |
4 |
|a Z918.2
|
| 100 |
1 |
|
|a Benedetti, Alejandro
|
| 245 |
1 |
0 |
|a Saber hacer :
|b geografía, espacios de la argentina /
|c Alejandro Benedetti, Nadina Sgubin
|
| 260 |
|
|
|a Buenos Aires :
|b Estrada,
|c 2009
|
| 300 |
|
|
|a 48 p.
|
| 490 |
0 |
|
|a Confluencias
|
| 500 |
|
|
|a Cuadernillo de procedimientos
|
| 505 |
0 |
|
|a Las imágenes satelitales: un instrumento para reconocer el territorio -- La economía y el territorio de la Argentina -- Los climogramas, hidrogramas y perfiles topográficos -- Los problemas ambientales -- Las pirámides de población y la interpretación de fenómenos demográficos -- La población económicamente activa (PEA) -- La movilidad urbana -- Los paisajes rurales en las fotografías -- Las revistas científicas y los textos periodísticos
|
| 653 |
|
|
|a Geografía
|
| 653 |
|
|
|a Geografía argentina
|
| 653 |
|
|
|a Argentina-geografía
|
| 653 |
|
|
|a Geografía-esb
|
| 653 |
|
|
|a Geografía argentina-actividades
|
| 700 |
1 |
|
|a Sgubin, Nadina
|
| 859 |
|
|
|a CEMS
|b BIB. CEMS - 11 de abril
|h Z918.2
|i B434-1
|p 25727.09
|t Ej.1
|